• 首页
  • 本馆介绍
  • 公告通知
  • 最新文献
  • 馆藏检索
  • 电子资源
  • 读者导购
  • 参考咨询
  • 我的图书馆
  • 登录
  • 详细信息显示
  • 放入我的书架
  • 预约/预借图书
  • 作者相关作品
  • 分类相关作品
  • 丛书相关作品
  • 出版社相关作品

书目信息

  • 表格格式
  • 工作单格式
  • 卡片格式
题名:
学前教育史
    
 
作者: 杨雄 , 黄玉娇 主编
分册:  
出版信息: 重庆   西南师范大学出版社  2018.6
页数: 282页
开本: 26cm
丛书名: 学前教育专业规划教材
单 册:
中图分类: G619.1
科图分类:
主题词: 学前教育--教育史--世界--教材
电子资源:
ISBN: 978-7-5621-9259-6
000 01106nam 2200301 45
001 012001000734
005 20140820080121.0
010    @a978-7-5621-9259-6@dCNY49.00
099    @aCAL 012018117461
100    @a20180827d2018 em y0chiy0110 ea
101 0  @achi
102    @aCN@b500000
105    @aa a 000yy
106    @ar
200 1  @a学前教育史@Axue qian jiao yu shi@f主编杨雄, 黄玉娇
210    @a重庆@c西南师范大学出版社@d2018.6
215    @a282页@c图@d26cm
225 2  @a学前教育专业规划教材@Axue qian jiao yu zhuan ye gui hua jiao cai
320    @a有书目 (第280-282页)
330    @a本书共分为中国篇 ; 外国篇两篇, 其主要内容包括: 古代学前教育的发展与实施 ; 古代学前教育思想 ; 近现代学前教育的发展与实施 ; 近现代学前教育思想 ; 当代学前教育的发展与实施 ; 古代学前教育的发展与实施等。
410  0 @12001 @a学前教育专业规划教材
461  0 @12001 @a学前教育专业规划教材
606 0  @a学前教育@x教育史@y世界@j教材
690    @aG619.1@v5
701  0 @a杨雄@Ayang xiong@4主编
701  0 @a黄玉娇@Ahuang yu jiao@4主编
801    @aCN@bAHXH@c20210922
905    @b1246975-9@dG619.1@e1753@f5
    
    学前教育史/主编杨雄, 黄玉娇.-重庆:西南师范大学出版社,2018.6
    282页:图;26cm.-(学前教育专业规划教材)
    
    
    ISBN 978-7-5621-9259-6:CNY49.00
    本书共分为中国篇 ; 外国篇两篇, 其主要内容包括: 古代学前教育的发展与实施 ; 古代学前教育思想 ; 近现代学前教育的发展与实施 ; 近现代学前教育思想 ; 当代学前教育的发展与实施 ; 古代学前教育的发展与实施等。
●
相关链接 在E读中查询图书 在五车中查询图书 在当当中查询图书 在豆瓣中查询图书


正题名:学前教育史     索取号:G619.1/1753         预约/预借

序号 登录号 条形码 馆藏地/架位号 状态 备注
1 1246975   212469755   第一样本阅览室/ [索取号:G619.1/1753] 在馆    
2 1246976   212469764   教育系资料室/ [索取号:G619.1/1753] 在馆    
3 1246977   212469773   教育系资料室/ [索取号:G619.1/1753] 在馆    
4 1246978   212469782   第四借阅区/ [索取号:G619.1/1753] 在馆    
5 1246979   212469791   第四借阅区/ [索取号:G619.1/1753] 在馆    
唐山师范学院图书馆 欢迎您!
大连网信软件有限公司© 版权所有